Celtic Myth / (Record no. 5283)
[ view plain ]
| 000 -LEADER | |
|---|---|
| fixed length control field | 00976nam a2200193 4500 |
| 001 - CONTROL NUMBER | |
| control field | 6248 |
| 005 - DATE AND TIME OF LATEST TRANSACTION | |
| control field | 20181127181247.0 |
| 020 00 - INTERNATIONAL STANDARD BOOK NUMBER | |
| International Standard Book Number | 9781844517435 |
| 090 00 - LOCALLY ASSIGNED LC-TYPE CALL NUMBER (OCLC); LOCAL CALL NUMBER (RLIN) | |
| Classification number (OCLC) (R) ; Classification number, CALL (RLIN) (NR) | 398.23 E98c 2007 |
| 100 00 - MAIN ENTRY--PERSONAL NAME | |
| Personal name | Eyres, Kevin. |
| 245 00 - TITLE STATEMENT | |
| Title | Celtic Myth / |
| Remainder of title | |
| Statement of responsibility, etc. | Kevin Eyres. |
| Medium | |
| 260 00 - PUBLICATION, DISTRIBUTION, ETC. | |
| Place of publication, distribution, etc. | London : |
| Name of publisher, distributor, etc. | Flame Tree Publishing, |
| Date of publication, distribution, etc. | 2007. |
| 300 00 - PHYSICAL DESCRIPTION | |
| Extent | 384 pages ; 17 cm . |
| 440 ## - SERIES STATEMENT/ADDED ENTRY--TITLE | |
| Title | Endless path. |
| Number of part/section of a work | |
| Volume/sequential designation | |
| 505 ## - FORMATTED CONTENTS NOTE | |
| Formatted contents note | Tara to Camelot: Celtic place and people -- A sprawling collection: Gods, goddesses, heroes -- Battles, voyages and romance: the myths. |
| Miscellaneous information | |
| Statement of responsibility | |
| Title | |
| 520 ## - SUMMARY, ETC. | |
| Summary, etc. | The ancient Celtic world included Ireland, Wales and parts of Britain, Gaul and Spain, and was united by Celtic language and religion. This book introduces the reader to the fascinating world of Celtic mythology. It teaches about the Celts' myths and beliefs in the context of their native landscape, the pantheon of deities worshipped, and more. |
| 650 00 - SUBJECT ADDED ENTRY--TOPICAL TERM | |
| Topical term or geographic name entry element | Mythology, Celtic. |
| General subdivision | |
| Withdrawn status | Lost status | Source of classification or shelving scheme | Damaged status | Not for loan | Collection code | Home library | Current library | Shelving location | Serial Enumeration / chronology | Inventory number | Total Checkouts | Full call number | Barcode | Date last seen | Price effective from | Koha item type |
|---|---|---|---|---|---|---|---|---|---|---|---|---|---|---|---|---|
| Dewey Decimal Classification | Main TEST | RTC Library | RTC Library | Main opac | 9990 | 398.23 END | 30010245 | 27/11/2018 | 27/11/2018 | Main |